Personal and wireless communications : (Record no. 193461)

000 -LEADER
fixed length control field 01291 a2200253 4500
003 - CONTROL NUMBER IDENTIFIER
control field NUST
005 - DATE AND TIME OF LATEST TRANSACTION
control field 20221230145157.0
010 ## - LIBRARY OF CONGRESS CONTROL NUMBER
LC control number 96016696
020 ## - INTERNATIONAL STANDARD BOOK NUMBER
International Standard Book Number 0792397274 (acid-free paper)
040 ## - CATALOGING SOURCE
Transcribing agency Nust
082 00 - DEWEY DECIMAL CLASSIFICATION NUMBER
Classification number 621.38456,PAR
100 1# - MAIN ENTRY--PERSONAL NAME
Personal name Park, Kun Il,
9 (RLIN) 106497
245 10 - TITLE STATEMENT
Title Personal and wireless communications :
Remainder of title digital technology and standards /
Statement of responsibility, etc. Kun Il Park.
260 ## - PUBLICATION, DISTRIBUTION, ETC.
Place of publication, distribution, etc. Boston :
Name of publisher, distributor, etc. Kluwer Academic Publishers,
Date of publication, distribution, etc. c1996.
300 ## - PHYSICAL DESCRIPTION
Extent x, 230 p. :
Other physical details ill. ;
Dimensions 24 cm.
490 1# - SERIES STATEMENT
Series statement The Kluwer international series in engineering and computer science ;
Volume/sequential designation SECS 361.
Series statement Communications and information theory
505 ## - FORMATTED CONTENTS NOTE
Formatted contents note Introduction (Page-1), Digital Wireless Communications Technology (Page-9), The Standard Based On The North American High-Tier TDMA System (Page-55), The Standard Based On The North American High-Tier CDMA System (Page-123), Highlights Of Other Wireless Access Standards (Page-177).
650 #0 - SUBJECT ADDED ENTRY--TOPICAL TERM
Topical term or geographic name entry element Digital communications.
9 (RLIN) 237
650 #0 - SUBJECT ADDED ENTRY--TOPICAL TERM
Topical term or geographic name entry element Personal communication service systems.
9 (RLIN) 105628
650 #0 - SUBJECT ADDED ENTRY--TOPICAL TERM
Topical term or geographic name entry element Wireless communication systems.
9 (RLIN) 594
830 #0 - SERIES ADDED ENTRY--UNIFORM TITLE
Uniform title Kluwer international series in engineering and computer science ;
9 (RLIN) 82222
830 #0 - SERIES ADDED ENTRY--UNIFORM TITLE
Uniform title Kluwer international series in engineering and computer science.
9 (RLIN) 82222
942 ## - ADDED ENTRY ELEMENTS (KOHA)
Source of classification or shelving scheme
Koha item type Book
Call number prefix 621.38456,PAR
Holdings
Withdrawn status Lost status Source of classification or shelving scheme Damaged status Not for loan Permanent Location Current Location Shelving location Date acquired Full call number Barcode Date last seen Price effective from Koha item type Public note
          Military College of Signals (MCS) Military College of Signals (MCS) General Stacks 12/12/2016 621.38456,PAR MCS5768 12/08/2016 12/12/2016 Book Almirah No.39, Shelf No.2
          Military College of Signals (MCS) Military College of Signals (MCS) General Stacks 12/12/2016 621.38456,PAR MCS5769 12/08/2016 12/12/2016 Book Almirah No.39, Shelf No.2
© 2023 Central Library, National University of Sciences and Technology. All Rights Reserved.